000 01064nam a2200313Ia 4500
003 OSt
005 20221007124143.0
006 a|||||r|||| 00| 0
007 ta
008 221006b |||||||| |||| 00| 0 eng d
020 _a9788184895292 (pbk)
024 _a110947
037 _b1847, 08/07/2010, Educational Book Agency (India)
_cTextbook
040 _aCDL
_cCDL
_beng
041 _2eng
_aeng
082 _aE982, N8 Carc
100 _aSuckling Colin J Ed.
245 0 _aEnzyme chemistry
_b Gibson Colin L Ed. Pitt Andrew R Ed.
250 _a3
260 _aNew
_bDelhi Springer
_c1998
300 _ax, 292p.
_ccm.
500 _aIncludes bibliographical references.; Index 287-292p.
650 _a Enzyme chemistry
_9718564
650 _aChemistry
700 _a Gibson Colin L Ed.
_9718565
700 _a Pitt Andrew R Ed.
_9718566
942 _hE982, N8 Carc
_cTB
_2CC
999 _c1213092
_d1213092